Library Logo

النقد الأدبی الحدیث / (Record no. 243140)

000 -LEADER
fixed length control field 00553nam a22001817a 4500
003 - CONTROL NUMBER IDENTIFIER
control field BD-DhUL
005 - DATE AND TIME OF LATEST TRANSACTION
control field 20180814104712.0
008 - FIXED-LENGTH DATA ELEMENTS--GENERAL INFORMATION
fixed length control field 180814s2007 ua ||||| |||| 00| 0 ara d
040 ## - CATALOGING SOURCE
Original cataloging agency BD-DhUL
Transcribing agency BD-DhUL
082 ## - DEWEY DECIMAL CLASSIFICATION NUMBER
Classification number 892.7
Item number HEN
100 1# - MAIN ENTRY--PERSONAL NAME
Personal name ھلال، محمد غنیمی
245 1# - TITLE STATEMENT
Title النقد الأدبی الحدیث /
Statement of responsibility, etc. محمد غنیمی ھلال
Remainder of title
260 ## - PUBLICATION, DISTRIBUTION, ETC. (IMPRINT)
Place of publication, distribution, etc. القاهرة :
Name of publisher, distributor, etc. یھضہ مصر،
Date of publication, distribution, etc. ۲۰۰۷۔
300 ## - PHYSICAL DESCRIPTION
Extent ص۔ ۶۶۸ ؛
Dimensions ۲۵ سم۔
365 ## - TRADE PRICE
Price type code BDT
Price amount 1000.00
650 #4 - SUBJECT ADDED ENTRY--TOPICAL TERM
Topical term or geographic name as entry element Arabic literature
942 ## - ADDED ENTRY ELEMENTS (KOHA)
Source of classification or shelving scheme
Koha item type Books
Holdings
Price effective from Date last seen Permanent Location Not for loan Date acquired Source of classification or shelving scheme Koha item type Lost status Withdrawn status Copy number Source of acquisition Collection code Damaged status Shelving location Barcode Current Location Full call number
2018-08-142018-08-14Dhaka University Library 2018-08-14 Books  1purchasedNon Fiction General Stacks440605Dhaka University Library892.7 HEN
Last Updated on September 15, 2019
© Dhaka University Library. All Rights Reserved|Staff Login